000
00316nam a2200109Ia 4500
008
230822s9999 xx 000 0 und d
041
_a
eng
100
_a
FLORMAN SAMUEL C.
245
_a
GOOD GUYS,WISEGUYS,AND PUTTING UP BUILDINGS:A LIFE IN CONSTRUCTION
260
_b
THOMAS DELMAR LEARNING,AUSTRALIA
300
_a
174
999
_c
860057
_d
860057